Management Accounting

Enregistré dans:
Détails bibliographiques
Format: Publication en série
Langue:anglais
Publié: Montvale Institute of Management Accountants 1988
Sujets:
Tags: Ajouter un tag
Pas de tags, Soyez le premier à ajouter un tag!

MARC

LEADER 00000nas2a2200000 4500
001 s016667
005 20240109091113.6
041 0 |a eng 
044 |a US 
245 1 0 |a Management Accounting 
264 1 |a Montvale  |b Institute of Management Accountants  |c 1988 
300 |a 1 zv. 
773 0 |w eu_un_cat*s120410 
610 2 0 |a účtovníctvo 
610 2 0 |a manažment